Glosario de contaminación del aire

محفوظ في:
التفاصيل البيبلوغرافية
مؤلف مشترك: Secretaría General del Medio Ambiente (مؤلف)
التنسيق: كتاب
اللغة:الإسبانية
منشور في: Madrid Ministerio de Obras Públicas y Transporte 1991
سلاسل:Textos y documentos
الموضوعات:
الوسوم: إضافة وسم
لا توجد وسوم, كن أول من يضع وسما على هذه التسجيلة!

MARC

LEADER 00000nam a2200000 a 4500
001 UCV5926
003 CL-VaPUC
008 921008e19910000SP |||||||||||||||||spa|d
082 0 4 |a 628.53  |b SEC  |2 21 
110 2 |a Secretaría General del Medio Ambiente  |e author  |9 300147 
245 1 0 |a Glosario de contaminación del aire 
300 |a 88 p 
942 |c BK 
945 |d 19921008 00:00:00 
260 |a Madrid  |b Ministerio de Obras Públicas y Transporte  |c 1991 
650 0 |a Contaminación atmosférica  |9 262775 
650 0 |a Diccionarios  |9 256200 
650 0 |a Español  |9 255372 
583 |a last modification  |c 19921008 00:00:00  |k Rodrigo Vera 
490 0 |a Textos y documentos 
999 |c 212215  |d 212213 
952 |0 0  |1 0  |4 0  |6 628_530000000000000_SEC_1991  |7 0  |8 F  |9 192826  |a BIBING  |b BIBING  |d 2019-11-14  |i 2604604  |o 628.53 SEC 1991  |p 2604604  |r 2025-01-20  |w 2019-11-14  |y BK_F  |k CCL